RICS sustainability report 2022 (Record no. 121389)
[ view plain ]
| 000 -LEADER | |
|---|---|
| fixed length control field | 01159nam a22002417a 4500 |
| 001 - CONTROL NUMBER | |
| control field | 121389 |
| 008 - FIXED-LENGTH DATA ELEMENTS--GENERAL INFORMATION | |
| fixed length control field | 230307s2022 xxk|||||o|||| 00| 0 eng d |
| 020 ## - INTERNATIONAL STANDARD BOOK NUMBER | |
| ISBN | 9781783214822 |
| 041 ## - LANGUAGE CODE | |
| Language code of text/sound track or separate title | eng |
| 110 ## - MAIN ENTRY--CORPORATE NAME | |
| Corporate author | Royal Institution of Chartered Surveyors |
| 245 ## - TITLE STATEMENT | |
| Title | RICS sustainability report 2022 |
| Medium | [Electronic resource] |
| 260 ## - PUBLICATION INFORMATION | |
| Place of publication | London, |
| Publisher | Royal Institution of Chartered Surveyors, |
| Date | 2022 |
| 300 ## - PHYSICAL DESCRIPTION | |
| Physical description | 21p. |
| 520 ## - ABSTRACT | |
| Abstract | The 2022 RICS sustainability report highlights the increasing need for sustainable strategies across the built environment to meet net zero commitments. It provides a global benchmark for issues of climate, carbon and sustainability practice, reflecting the sentiment of around 4000 real estate and construction professionals from across over 30 countries. |
| 650 ## - KEYWORDS | |
| Keywords | SUSTAINABILITY |
| 650 ## - KEYWORDS | |
| Keywords | BUILT ENVIRONMENT |
| 650 ## - KEYWORDS | |
| Keywords | ENVIRONMENT |
| 651 ## - SUBJECT ADDED ENTRY--GEOGRAPHIC NAME | |
| Geographic name | International |
| 690 ## - BROAD SUBJECT | |
| 9 (RLIN) | 6271 |
| Broad subject | Sustainability |
| 710 ## - ADDED CORPORATE NAME | |
| Added corporate author | Royal Institution of Chartered Surveyors |
| 856 ## - ONLINE RESOURCE | |
| Uniform Resource Identifier | <a href="https://www.rics.org/content/dam/ricsglobal/documents/surveying/2022%20RICS%20Sustainability%20Report.pdf">https://www.rics.org/content/dam/ricsglobal/documents/surveying/2022%20RICS%20Sustainability%20Report.pdf</a> |
| Public note | Available free on RICS.org |
| 942 ## - ADDED ENTRY ELEMENTS (KOHA) | |
| Suppress in OPAC | Do not suppress in OPAC |
| Lost status | Damaged status | Not for loan | Current library | Shelving location | Date acquired | Total Checkouts | Date last seen | Price effective from | Koha item type |
|---|---|---|---|---|---|---|---|---|---|
| Virtual | Online | 07/03/2023 | 17/03/2023 | 07/03/2023 | Online material |